| 000 | 00641nam a22001097a 4500 | ||
|---|---|---|---|
| 008 | 110620t xxu||||| |||| 00| 0 eng d | ||
| 010 | _aCACAF62 M-Z | ||
| 245 | _aCourt of Appeal Civil Appeal No. 57 OF 2002 Uganda Electricity Board (UEB) Vs Sugar Corporation of Uganda Ltd (SCOUL) | ||
| 260 | _c2002 | ||
| 500 | _aCoram: Hon. Justice G.M. Okello, JA Hon. Justice S.G. Engwau, JA Hon. Justice A. Twinomujuni, JA | ||
| 500 | _aAppeal from the decision of the High Court of Uganda at Kampala Okumu-Wengi, J dated 20/2/2002 in High Court Civil Suit No. 1307 of 1998- Sugar Corporation of Uganda Ltd Vs Uganda Electricity Board | ||
| 999 |
_c3320 _d3320 |
||